000 00601nam a2200205Ia 4500
003 GCL
008 140319s9999 xx 000 0 ara d
040 _aGCL /
_cGCL
082 0 4 _a649
_bع م
100 1 _aعبدالله الصوفى
245 1 0 _aموسوعة العناية بالطفل /
_cعبدالله الصوفى
260 _a[S.N] :
_bدار العودة للصحافة والطباعه ،
_c1988
300 _a325 ص
490 _a
650 0 4 _aالاطفال
650 0 4 _aالرعاية
650 0 4 _aالتغذية
650 0 4 _aالعناية الصحية
942 _2ddc
_cBK
999 _c54059
_d54059